000 00285nam a22001337a 4500
008 170401b xxu||||| |||| 00| 0 eng d
020 _a0397505973
041 _aeng
080 _a617
100 _a8
101 _aSHM
245 _aORTHOPAEDICS
_cHOPPENFELD, S
942 _2udc
_cBK
999 _c9378
_d9378